000 00493nam a2200181 i 4500
001 26275
003 ES-MaACL
005 20230906153420.0
007 t|
008 030108s1973 sp a |||| | spa d
100 1 _aArtero Pujol, F.
_923452
245 1 0 _aAutomatismo eléctrico y electrónico /
_cF. Artero Pujol.
250 _a2ª ed.
260 _aZaragoza :
_b[F. Artero],
_c1973.
300 _a205 p. :
_bil. ;
_c23 cm.
650 4 _aElectrónica.
_912165
852 _aES-MaACL
_jC-51292
999 _c26275
_d26275